Detalles MARC
| 000 -LEADER |
| longitud fija campo de control |
05973 am a2201273 4500 |
| 003 - IDENTIFICADOR DE NUMERO DE CONTROL |
| control del campo |
AR-RoUNA |
| 005 - FECHA DE LA ULTIMA MODIFICACION |
| control del campo |
20250930062954.0 |
| 008 - CAMPO DE CONTROL - LIBROS |
| longitud fija campo de control |
050811s2004||||ag|aeo|| |||1 0|spa d |
| 020 ## - INTERNATIONAL STANDARD BOOK NUMBER |
| ISBN |
9879741003X |
| 040 ## - ORIGEN DE LA CATALOGACION |
| Agencia que cataloga la obra original |
AR-RoUNA |
| Idioma en que se cataloga |
spa |
| Entidad que transcribio la catalogacion |
spa |
| 044 ## - CODIGO DE PAIS / ENTIDAD PRODUCTORA |
| Codigo MARC del pais |
ag |
| 080 ## - CDU |
| Numero de clasificacion |
72.03 |
| Numero |
(82) |
| 245 10 - TITULO PROPIAMENTE DICHO |
| Titulo |
Summa + Historia |
| Subtitulo |
: Documentos de Arquitectura Argentina / |
| Mencion de responsabilidad, etc |
Dardo Arbide... [et al] |
| 250 ## - MENCION DE EDICION |
| Edicion declarada |
1a. ed. |
| 260 ## - EDITORIAL - PUBLICACION, DISTRIBUCION, ETC. (Pie de imprenta) |
| Lugar de publicacion, distribucion, etc |
Buenos Aires, Argentina : |
| Nombre del editor, distribuidor, etc |
Donn, |
| Fecha de publicacion |
2004. |
| Lugar de impresion |
Argentina |
| 300 ## - DESCRIPCION FISICA |
| Extension |
159 p. : |
| Otros detalles fisicos |
il. col., |
| -- |
il., |
| -- |
planos, |
| Dimensiones |
34 cm. |
| 440 0# - DECLARACION DE SERIE / ASIENTO SECUNDARIO - TITULO |
| Titulo |
Summa + |
| 9 (RLIN) |
3329 |
| 500 ## - NOTA GENERAL |
| Nota general |
Incluye somero curriculum vitae de los autores. . |
| 505 0# - NOTA DE CONTENIDO CON FORMATO |
| Título |
Prólogo |
| 505 0# - NOTA DE CONTENIDO CON FORMATO |
| Título principal |
Rafael Iglesia / Historia de la Arquitectura: ¿Para qué?. p.6/7 |
| 505 0# - NOTA DE CONTENIDO CON FORMATO |
| Título |
Martha Levisman / Documentos dibujados. p.8-15 |
| 505 0# - NOTA DE CONTENIDO CON FORMATO |
| Título principal |
Iglesia de los Padres Capuchinos "Sagrado Corazón" |
| 505 0# - NOTA DE CONTENIDO CON FORMATO |
| Título principal |
Edificio Campomar |
| 505 0# - NOTA DE CONTENIDO CON FORMATO |
| Título principal |
Casa de departamentos para una familia |
| 505 0# - NOTA DE CONTENIDO CON FORMATO |
| Título principal |
Antumalal (Torre y casa principal) |
| 505 0# - NOTA DE CONTENIDO CON FORMATO |
| Título principal |
Local casa América. Proyecto |
| 505 0# - NOTA DE CONTENIDO CON FORMATO |
| Título principal |
Casa Sorensen |
| 505 0# - NOTA DE CONTENIDO CON FORMATO |
| Título |
Clara Hendlin / Dibujos Históricos. Acervo del Instituto de arte Americano. p.16-23 |
| 505 0# - NOTA DE CONTENIDO CON FORMATO |
| Título principal |
Alejandro Bustillo |
| 505 0# - NOTA DE CONTENIDO CON FORMATO |
| Título principal |
Jorge Sabaté |
| 505 0# - NOTA DE CONTENIDO CON FORMATO |
| Título principal |
León Dourge |
| 505 0# - NOTA DE CONTENIDO CON FORMATO |
| Título principal |
Eduardo Sacriste |
| 505 0# - NOTA DE CONTENIDO CON FORMATO |
| Título |
Rafael Francisco Navas / Apuntes de la historia del puerto de Buenos Aires. p.24-29 |
| 505 0# - NOTA DE CONTENIDO CON FORMATO |
| Título |
Raúl Francisco Navas / La fundación de La Plata: La leyenda de Pedro Benoit. p.30-35 |
| 505 0# - NOTA DE CONTENIDO CON FORMATO |
| Título |
Martha Marengo de Tapia / Así dibujaba Thays. p.36-45 |
| 505 0# - NOTA DE CONTENIDO CON FORMATO |
| Título |
Guillermo Tella / Benito Carrasco: El camino de la costa. p.46-53 |
| 505 0# - NOTA DE CONTENIDO CON FORMATO |
| Título |
Horacio J. Spinetto / Avenida de Mayo centenaria. p.54-55 |
| 505 0# - NOTA DE CONTENIDO CON FORMATO |
| Título |
Carlos Hilger / Hércules en la Av. de Mayo. p.56-57 |
| 505 0# - NOTA DE CONTENIDO CON FORMATO |
| Título |
Carlos Hilger / El Palacio Barolo: Mario Palanti, su monumento al genio Latino. p.58-65 |
| 505 0# - NOTA DE CONTENIDO CON FORMATO |
| Título |
Carlos Hilger / Iconografía Egipcia en Buenos Aires. p.66-69 |
| 505 0# - NOTA DE CONTENIDO CON FORMATO |
| Título |
Horacio Spinetto / Coronamientos Porteños. p70-75 |
| 505 0# - NOTA DE CONTENIDO CON FORMATO |
| Título |
Carlos Hilger / Simbolismo Cosmológico. p.76-77 |
| 505 0# - NOTA DE CONTENIDO CON FORMATO |
| Título |
Fernando Diez / Urbanismo y Decoración. p.78-83 |
| 505 0# - NOTA DE CONTENIDO CON FORMATO |
| Título |
Cocó de Larrañaga / Rascacielos Modernos: El Kavanagh, el Safico y el Comega. p. 84-89 |
| 505 0# - NOTA DE CONTENIDO CON FORMATO |
| Título |
Fernando Williams / Estudio Follett: Documentos de una colección. p.90- |
| 505 0# - NOTA DE CONTENIDO CON FORMATO |
| Título |
Jorge Tartarini / Arquitectura Ferroviaria: Remedio para melancólicos. p.96-99 |
| 505 0# - NOTA DE CONTENIDO CON FORMATO |
| Título |
Mario Sabugo / Virginio Colombo. p.100-101 |
| 505 0# - NOTA DE CONTENIDO CON FORMATO |
| Título |
Horacio Caride / Francisco Gianotti: El laboratorio del estilo. p.102-109 |
| 505 0# - NOTA DE CONTENIDO CON FORMATO |
| Título |
Horacio Caride y Mario Sabugo / Moles Gianottianas. p. |
| 505 0# - NOTA DE CONTENIDO CON FORMATO |
| Título |
Horacio Caride y Mario Sabudo / Moles Gianottianas. p.110-111 |
| 505 0# - NOTA DE CONTENIDO CON FORMATO |
| Título |
Ramón Gutierrez / Eduardo Le Monnier: La fragancia del academiscísmo ecléctico. p.112-121 |
| 505 0# - NOTA DE CONTENIDO CON FORMATO |
| Título |
Rita MOlinos y Mario Sabugo / Los Christophersen: La riqueza y la labor. p.122-123 |
| 505 0# - NOTA DE CONTENIDO CON FORMATO |
| Título |
Mario Sabugo / Santa Rosa de Lima: ¿Perigordiana o Poitevina?. p.124-125 |
| 505 0# - NOTA DE CONTENIDO CON FORMATO |
| Título |
Ramón Gutierrez y Patricia Méndez / Alberto Prebisch: Testimonio del siglo que se fue. p.126-133 |
| 505 0# - NOTA DE CONTENIDO CON FORMATO |
| Título |
Ramón Gutierrez / Andrés Kálnay: Una modernidad distinta. p.134-141 |
| 505 0# - NOTA DE CONTENIDO CON FORMATO |
| Título |
Dardo Arbide / Francisco Salamone: Una arquitectura de los márgenes. p.142-147 |
| 505 0# - NOTA DE CONTENIDO CON FORMATO |
| Título |
Mario Sabugo / La maniera salamónica: Referencias y relaciones en la obra de Francisco Salamone. p.148-149 |
| 505 0# - NOTA DE CONTENIDO CON FORMATO |
| Título |
Ramón Gutiérrez / Casas Blancas: Un monumento de reflexión sobre la arquitectura argentina. p.150-157 |
| 520 ## - NOTA DE RESUMEN |
| Nota de resumen, etc. |
Compilacion de los articulos mas interesantes desde el punto de vista documental de sus imagenes y textos teoricos o historiograficos, que se encuentran incluidos en los 63 volumenes de Summa+ y en Documentos. |
| 600 #0 - MATERIA - NOMBRES PERSONALES |
| Nombre personal |
Salamone, Francisco, |
| Fechas asociadas con el nombre |
1897-1959. |
| 9 (RLIN) |
3330 |
| 600 14 - MATERIA - NOMBRES PERSONALES |
| Nombre personal |
Christophersen, Alejandro, |
| Fechas asociadas con el nombre |
1866-1946. |
| 9 (RLIN) |
3331 |
| 600 14 - MATERIA - NOMBRES PERSONALES |
| Nombre personal |
Follet, Sydney G, |
| Fechas asociadas con el nombre |
1883-1968. |
| 9 (RLIN) |
3332 |
| 600 #0 - MATERIA - NOMBRES PERSONALES |
| Nombre personal |
Kalnay, Andres, |
| Fechas asociadas con el nombre |
1893-1982. |
| 9 (RLIN) |
3333 |
| 600 14 - MATERIA - NOMBRES PERSONALES |
| Nombre personal |
Prebisch, Alberto, |
| Fechas asociadas con el nombre |
1899-1970. |
| 9 (RLIN) |
3334 |
| 600 14 - MATERIA - NOMBRES PERSONALES |
| Nombre personal |
Le Monnier, Eduardo, |
| Fechas asociadas con el nombre |
1873-1931. |
| 9 (RLIN) |
2669 |
| 600 #0 - MATERIA - NOMBRES PERSONALES |
| Nombre personal |
Gianotti, Francisco, |
| Fechas asociadas con el nombre |
1881-1967. |
| 9 (RLIN) |
3335 |
| 600 14 - MATERIA - NOMBRES PERSONALES |
| Nombre personal |
Colombo, Virginio. |
| 9 (RLIN) |
3336 |
| 600 #0 - MATERIA - NOMBRES PERSONALES |
| Nombre personal |
Thays, Carlos, |
| Fechas asociadas con el nombre |
1849-1936. |
| 9 (RLIN) |
3337 |
| 600 14 - MATERIA - NOMBRES PERSONALES |
| Nombre personal |
Dourge, Leon, |
| 9 (RLIN) |
3338 |
| 650 4# - MATERIA - TERMINO TEMATICO |
| Término temático general |
Historia |
| 650 4# - MATERIA - TERMINO TEMATICO |
| Término temático general |
Arquitectura paisajista |
| 650 4# - MATERIA - TERMINO TEMATICO |
| Término temático general |
Cúpulas |
| 650 4# - MATERIA - TERMINO TEMATICO |
| Término temático general |
Casablanquismo |
| 650 40 - MATERIA - TERMINO TEMATICO |
| Término temático general |
Arquitectura |
| 650 4# - MATERIA - TERMINO TEMATICO |
| Término temático general |
Arquitectura Ferroviaria |
| 650 4# - MATERIA - TERMINO TEMATICO |
| Término temático general |
Arquitectura Portuaria |
| 650 4# - MATERIA - TERMINO TEMATICO |
| Término temático general |
Palacios |
| 650 4# - MATERIA - TERMINO TEMATICO |
| Término temático general |
Art Deco |
| 650 4# - MATERIA - TERMINO TEMATICO |
| Término temático general |
Arquitectura Academicista |
| 650 4# - MATERIA - TERMINO TEMATICO |
| Término temático general |
Arquitectura Funeraria |
| 651 4# - MATERIA - NOMBRE GEOGRAFICO |
| Termino geografico |
Fisherton (Rosario, Santa Fe) |
| 9 (RLIN) |
24997 |
| 653 ## - MATERIA - PALABRAS CLAVES |
| Palabras claves |
Parque San Isidro |
| 653 ## - MATERIA - PALABRAS CLAVES |
| Palabras claves |
Estación Retiro |
| 653 ## - MATERIA - PALABRAS CLAVES |
| Palabras claves |
Vivienda para R. Thompson, Fishereton, Santa Fe |
| 653 ## - MATERIA - PALABRAS CLAVES |
| Palabras claves |
Basílica Santa Rosa de Lima (Buenos Aires) |
| 653 ## - MATERIA - PALABRAS CLAVES |
| Palabras claves |
Iglesia Nuestra Señora de Fátima (Martínez, Buenos Aires) |
| 700 ## - ENTRADA SECUNDARIA - NOMBRES PERSONALES |
| 9 (RLIN) |
3346 |
| Nombre personal |
Arbide, Dardo Miguel |
| 700 ## - ENTRADA SECUNDARIA - NOMBRES PERSONALES |
| Nombre personal |
Diez, Fernando. |
| 9 (RLIN) |
3347 |
| 700 ## - ENTRADA SECUNDARIA - NOMBRES PERSONALES |
| Nombre personal |
Gutierrez, Ramon. |
| 9 (RLIN) |
563 |
| 700 ## - ENTRADA SECUNDARIA - NOMBRES PERSONALES |
| Nombre personal |
Hendlin, Clara. |
| 9 (RLIN) |
3348 |
| 700 ## - ENTRADA SECUNDARIA - NOMBRES PERSONALES |
| Nombre personal |
Caride, Horacio Eduardo. |
| 9 (RLIN) |
3349 |
| 700 ## - ENTRADA SECUNDARIA - NOMBRES PERSONALES |
| Nombre personal |
Hilger, Carlos. |
| 9 (RLIN) |
3350 |
| 700 ## - ENTRADA SECUNDARIA - NOMBRES PERSONALES |
| Nombre personal |
Iglesia, Rafael |
| Fechas asociadas con el nombre |
1952-2015 |
| 9 (RLIN) |
13978 |
| 700 ## - ENTRADA SECUNDARIA - NOMBRES PERSONALES |
| Nombre personal |
Larrañaga, Maria Isabel de. |
| 9 (RLIN) |
3351 |
| 700 1# - ENTRADA SECUNDARIA - NOMBRES PERSONALES |
| Nombre personal |
Levisman, Martha. |
| 9 (RLIN) |
3352 |
| 700 1# - ENTRADA SECUNDARIA - NOMBRES PERSONALES |
| Nombre personal |
Marengo de Tapia, Martha. |
| 9 (RLIN) |
3353 |
| 700 1# - ENTRADA SECUNDARIA - NOMBRES PERSONALES |
| Nombre personal |
Mendez, Patricia. |
| 9 (RLIN) |
2671 |
| 700 1# - ENTRADA SECUNDARIA - NOMBRES PERSONALES |
| Nombre personal |
Molino, Rita. |
| 9 (RLIN) |
3354 |
| 700 1# - ENTRADA SECUNDARIA - NOMBRES PERSONALES |
| Nombre personal |
Navas, Raul Francisco (h). |
| 9 (RLIN) |
3355 |
| 700 1# - ENTRADA SECUNDARIA - NOMBRES PERSONALES |
| Nombre personal |
Spinetto, Horacio J. |
| 9 (RLIN) |
3356 |
| 700 1# - ENTRADA SECUNDARIA - NOMBRES PERSONALES |
| Nombre personal |
Tartarini, Jorge D. |
| 9 (RLIN) |
3357 |
| 700 1# - ENTRADA SECUNDARIA - NOMBRES PERSONALES |
| Nombre personal |
Tella, Guillermo. |
| 9 (RLIN) |
3358 |
| 700 1# - ENTRADA SECUNDARIA - NOMBRES PERSONALES |
| Nombre personal |
Williams, Fernando. |
| 9 (RLIN) |
3359 |
| 700 1# - ENTRADA SECUNDARIA - NOMBRES PERSONALES |
| 9 (RLIN) |
565 |
| Nombre personal |
Sabugo, Mario S. |
| 908 ## - SOPORTE |
| Soporte |
Imp |
| 942 ## - FUENTE DE CLASIFICACION |
| Tipo de item |
Libro |
| Serial record |
1 |
| Clasificacion |
Universal Decimal Classification |
| 945 ## - INFORMACION DE PROCESAMIENTO |
| Codigo del operador |
MEM |
| b |
Catalogador - Indizador |
| Fecha de ingreso o modificacion |
2022-10-13 |
| 980 ## - DECLARACIÓN DE EQUIVALENCIA O SERIE DE REFERENCIA CRUZADA - NOMBRE / TÍTULO PERSONAL [LOCAL, CANADÁ] |
| Código del operador que modifico el registro |
|
| Nombre del operador que modifico el registro |
CRON CRON |